Синтез нитридов элементов III -VI групп и композиционных материалов на их основе азотированием ферросплавов в режиме горения: диссертация на соискание ученой степени кандидата технических наук; спец. 05.17.11

Podrobná bibliografie
Hlavní autor: Чухломина Л. Н. Людмила Николаевна
Korporace: Российская академия наук (РАН) Сибирское отделение (СО) Томский научный центр (ТНЦ) Отдел структурной макрокинетики, Томский политехнический университет (ТПУ) Кафедра технологии селикатов и наноматериалов
Další autoři: Максимов Ю. М. Юрий Михайлович (научный руководитель)
Shrnutí:Заглавие с титульного экрана
Электронная версия печатной публикации
Режим доступа: из сети НТБ ТПУ
Jazyk:ruština
Vydáno: Томск, 2009
Témata:
On-line přístup:http://www.lib.tpu.ru/fulltext3/d/2009/98_d.pdf
Médium: Elektronický zdroj Kniha
KOHA link:https://koha.lib.tpu.ru/cgi-bin/koha/opac-detail.pl?biblionumber=173595

MARC

LEADER 00000nlm0a2200000 4500
001 173595
005 20231101223118.0
035 |a (RuTPU)RU\TPU\book\188276 
090 |a 173595 
100 |a 20091228d2009 k y0rusy50 ca 
101 0 |a rus 
102 |a RU 
105 |a a m 001zy 
135 |a drbn ---uucaa 
181 0 |a i  
182 0 |a b 
200 1 |a Синтез нитридов элементов III -VI групп и композиционных материалов на их основе азотированием ферросплавов в режиме горения  |b Электронный ресурс  |e диссертация на соискание ученой степени кандидата технических наук  |e спец. 05.17.11  |f Л. Н. Чухломина  |g Российская академия наук (РАН), Сибирское отделение (СО), Томский научный центр (ТНЦ), Отдел структурной макрокинетики ; Томский политехнический университет (ТПУ), Кафедра технологии селикатов и наноматериалов ; науч. рук. Ю. М. Максимов 
203 |a Текст  |c электронный 
210 |a Томск  |d 2009 
215 |a 1 файл (19391 Кb) 
230 |a Электронные текстовые данные (1 файл : 19391 Кb) 
300 |a Заглавие с титульного экрана 
300 |a Электронная версия печатной публикации 
333 |a Режим доступа: из сети НТБ ТПУ 
337 |a Adobe Reader 
452 1 |0 (RuTPU)RU\TPU\book\188996  |t Синтез нитридов элементов III -VI групп и композиционных материалов на их основе азотированием ферросплавов в режиме горения  |o диссертация на соискание ученой степени доктора технических наук  |o спец. 05.17.11  |f Л. Н. Чухломина  |g Российская академия наук (РАН), Сибирское отделение (СО), Томский научный центр (ТНЦ), Отдел структурной макрокинетики ; Томский политехнический университет (ТПУ), Кафедра технологии силикатов и наноматериалов ; науч. конс. Ю. М. Максимов  |c Томск  |d 2009  |p 385 л.  |a Чухломина, Людмила Николаевна 
606 1 |a Нитриды  |x Получение  |2 stltpush  |3 (RuTPU)RU\TPU\subj\32159  |9 54800 
606 1 |a Синтез высокотемпературный, самораспространяющийся  |2 stltpush  |3 (RuTPU)RU\TPU\subj\39673  |9 59640 
610 1 |a реагенты 
610 1 |a нитросодержащие композиции 
610 1 |a ферросплавы 
610 1 |a азотирование 
610 1 |a режимы горения 
610 1 |a нитросоединения 
610 1 |a формирование 
610 1 |a фазообразование 
610 1 |a керамические композиционные порошки 
610 1 |a синтез 
610 1 |a композиционная керамика 
610 1 |a свойства 
610 1 |a производство 
610 1 |a диссертации 
610 1 |a электронный ресурс 
675 |a 661.5(04)  |v 3 
675 |a 66.091(04)  |v 3 
686 |a 05.17.11  |2 oksvnk 
700 1 |a Чухломина  |b Л. Н.  |g Людмила Николаевна 
702 1 |a Максимов  |b Ю. М.  |g Юрий Михайлович  |4 727 
712 0 2 |a Российская академия наук (РАН)  |b Сибирское отделение (СО)  |b Томский научный центр (ТНЦ)  |b Отдел структурной макрокинетики  |2 stltpush  |3 (RuTPU)RU\TPU\col\1904 
712 0 2 |a Томский политехнический университет (ТПУ)  |b Кафедра технологии селикатов и наноматериалов  |c (1991- )  |2 stltpush  |3 (RuTPU)RU\TPU\col\376 
801 1 |a RU  |b 63413507  |c 20091228 
801 2 |a RU  |b 63413507  |c 20131017  |g RCR 
856 4 |u http://www.lib.tpu.ru/fulltext3/d/2009/98_d.pdf 
942 |c CF